000 00491nam a2200169Ia 4500
005 20250508154111.0
008 008 250505s9999 xx 000 0 eng d
037 _aBooks to be hide in OPAC
040 _aFEDL
_beng
_cFEDL
041 _aeng
_2eng
084 _a385, PAK/O
_qFEDL
245 0 _aPakistan railways 1953-54
260 _aKarachi, Pakistan
_bThe Railway Division, Government of Pakistan
300 _a19p.
942 _cHB
_h385, PAK/O
999 _c1347629
_d1347629